| 000 | 00352 a2200157 4500 | ||
|---|---|---|---|
| 001 | 48867 | ||
| 020 | _a1-4130-2785-7 | ||
| 040 | _cAnchieta - Bela Vista | ||
| 100 | _aMaurice Jamall | ||
| 240 | 1 | 0 |
_aSlam Dunk for Mark _lpor |
| 245 | 1 | 0 | _aSlam Dunk for Mark |
| 300 | _a16 | ||
| 362 | 0 | _a2006 | |
| 650 | 4 | _aLiteratura juvenil em inglês | |
| 942 | _cBK | ||
| 999 |
_c48867 _d48867 |
||